000 00372nam a2200133Ia 4500
008 231129s2003||||xx |||||||||||||| ||spa||
020 _a958-682-461-6
040 _bspa
082 _a330.91724083 C718
245 0 _aColombia fundamentos economicos de la paz
260 _c2003
264 _aBanco Mundial; Alfaomega
942 _2ddc
_cBKS
999 _c7332
_d7332